| 000 | 01390nam a2200337 a 4500 | ||
|---|---|---|---|
| 001 | ebr10056772 | ||
| 003 | CaPaEBR | ||
| 006 | m u | ||
| 007 | cr cn||||||||| | ||
| 008 | 931103s1994 dcua sb 001 0 eng | ||
| 010 | _z 93039567 | ||
| 020 | _z0309048796 | ||
| 040 |
_aCaPaEBR _cCaPaEBR |
||
| 035 | _a(OCoLC)43477346 | ||
| 050 | 1 | 4 |
_aSF85.3 _b.R36 1994eb |
| 082 | 0 | 4 |
_a333.74/0973 _220 |
| 245 | 0 | 0 |
_aRangeland health _h[electronic resource] : _bnew methods to classify, inventory, and monitor rangelands / _cCommittee on Rangeland Classification, Board on Agriculture, National Research Council. |
| 260 |
_aWashington, D.C. : _bNational Academy Press, _c1994. |
||
| 300 |
_axvi, 180 p. : _bill. |
||
| 504 | _aIncludes bibliographical references (p. 158-168) and index. | ||
| 533 |
_aElectronic reproduction. _bPalo Alto, Calif. : _cebrary, _d2013. _nAvailable via World Wide Web. _nAccess may be limited to ebrary affiliated libraries. |
||
| 650 | 0 |
_aRange management _zUnited States. |
|
| 650 | 0 |
_aRangelands _zUnited States. |
|
| 650 | 0 |
_aRange ecology _zUnited States. |
|
| 650 | 0 | _aRange management. | |
| 650 | 0 | _aRangelands. | |
| 650 | 0 | _aRange ecology. | |
| 655 | 7 |
_aElectronic books. _2local |
|
| 710 | 2 | _aebrary, Inc. | |
| 856 | 4 | 0 |
_uhttp://site.ebrary.com/lib/rucke/Doc?id=10056772 _zAn electronic book accessible through the World Wide Web; click to view |
| 999 |
_c70196 _d70196 |
||